Retomo la palabra / (Registro nro. 37497)
[ vista simple ]
| 000 -CABECERA | |
|---|---|
| Longitud fija campo de control | 00573nam a2200181 4500 |
| 003 - • IDENTIFICADOR DELl NÚMERO DE CONTROL | |
| Identificador del número de control | CO-ViMGA |
| 020 ## - • NÚMERO INTERNACIONAL NORMALIZADO PARA LIBROS | |
| Número Internacional Normalizado para Libros (ISBN) | 9789586711401 |
| 040 ## - FUENTE DE LA CATALOGACIÓN | |
| Centro catalogador de origen | CO-ViMGA |
| Lengua de catalogación | spa |
| Centro transcriptor | CO-ViMGA |
| 082 04 - • NÚMERO DE LA CLASIFICACIÓN DECIMAL DEWEY | |
| Número de clasificación (R) | 870 |
| Número del ítem | M66r. |
| 100 1# - • PUNTO DE ACCESO PRINCIPAL-NOMBRE DE PERSONA | |
| Nombre de persona | Montt, Nahum |
| 245 10 - • TITULO PROPIAMENTE DICHO | |
| Título | Retomo la palabra / |
| Resto del título | Relatos de violencia y reconciliación. |
| 300 ## - • DESCRIPCIÓN FÍSICA | |
| Extensión | 188 p. : |
| Otras características físicas | 24. cm. |
| 490 ## - • MENCIÓN DE SERIE | |
| Mención de serie | Nahum Montt |
| 500 ## - • NOTA GENERAL | |
| Nota general | Proceso de reintegración de los hombres y mujeres que intentan dejar atrás la violencia y las armas. |
| 650 14 - • PUNTO DE ACCESO ADICIONAL DE MATERIA - TÉRMINO DE MATERIA | |
| Término de materia o nombre geográfico como elemento inicial | Literatura latina |
| 942 ## - ENTRADA DE ELEMENTOS AGREGADOS (KOHA) | |
| Fuente de clasificaión o esquema | Dewey Decimal Classification |
| Koha [por defecto] tipo de item | LIbro |
| Perdido | Fuente de clasificación o esquema | Estado Físico | No para préstamo | Forma de adquisición | Localización permanente | Localización actual | Fecha adquisición | Préstamos totales | Signatura completa | Código de barras | Fecha última consulta | Número de copia | Fecha del precio de reemplazo | Tipo de item de Koha | Localización en estanterías | Note pública |
|---|---|---|---|---|---|---|---|---|---|---|---|---|---|---|---|---|
| Dewey Decimal Classification | Colección General | Biblioteca Pública José Eustasio Rivera - San Martin | Biblioteca Pública José Eustasio Rivera - San Martin | 06/11/2025 | 870 M66r. | SM03976 | 06/11/2025 | Ej.1 | 06/11/2025 | LIbro | General | |||||
| Dewey Decimal Classification | Colección General | Biblioteca Pública Restrepo | Biblioteca Pública Restrepo | 06/27/2025 | 870 M66r. | RES00243 | 06/27/2025 | Ej.1 | 06/27/2025 | LIbro | General | |||||
| Dewey Decimal Classification | Colección General | Biblioteca Pública Acacias - Carlos María Hernández Rojas | Biblioteca Pública Acacias - Carlos María Hernández Rojas | 10/06/2025 | 070.44 | ACA01111 | 10/06/2025 | Ej.1 | 10/06/2025 | LIbro | General | |||||
| Sala General | Biblioteca Pública Departamental Eduardo Carranza - Villavicencio | Biblioteca Pública Departamental Eduardo Carranza - Villavicencio | 02/04/2012 | 303.60986 R37 | ECA20466 | 11/26/2024 | Ej.1 | 11/26/2024 | LIbro | General | 15056 | 19682 | |||||
| Dewey Decimal Classification | Sala General Segundo Piso | Biblioteca Pública Germán Arciniegas - Villavicencio | Biblioteca Pública Germán Arciniegas - Villavicencio | 09/21/2016 | 870 M66r | 31129 | 09/21/2016 | Ej, 1 | 09/21/2016 | LIbro | ||||||
| Dewey Decimal Classification | Colección General | Biblioteca Pública Guamal | Biblioteca Pública Guamal | 10/02/2024 | 870 M66r | GUA004158 | 10/02/2024 | Ej.1 | 10/02/2024 | LIbro | General |